The secrets of dance music production.
Պահպանված է:
| Հիմնական հեղինակ: | |
|---|---|
| Այլ հեղինակներ: | , |
| Ձևաչափ: | Գիրք |
| Հրապարակվել է: |
London, United Kingdom:
Attack,
2020.
|
| Հրատարակություն: | Seventh edition revised |
| Խորագրեր: | |
| Ցուցիչներ: |
Ավելացրեք ցուցիչ
Չկան պիտակներ, Եղեք առաջինը, ով նշում է այս գրառումը!
|
MARC
| LEADER | 00000nam a22000007a 4500 | ||
|---|---|---|---|
| 003 | CL-VaPUC | ||
| 005 | 20250407202447.0 | ||
| 008 | 250314t2020 ||||| |||| 00| 0 eng d | ||
| 999 | |c 447348 |d 447346 | ||
| 020 | |a 978-0-9564460-3-9 | ||
| 040 | |c Pontificia Universidad Católica de Valparaíso | ||
| 082 | |a 786.74 FEL 2020 | ||
| 100 | |9 896873 |a Felton, David |e writers |e editor | ||
| 245 | |a The secrets of dance music production. | ||
| 250 | |a Seventh edition revised | ||
| 260 | |a London, United Kingdom: |b Attack, |c 2020. | ||
| 300 | |a 312 páginas: |b ilustraciones. | ||
| 500 | |a c.1. Instituto Arcos.08-01-2025. | ||
| 583 | |c 20250314 |k Gabriela Rodríguez Cuevas | ||
| 650 | 0 | |9 306461 |a Música electrónica |x Producción musical | |
| 700 | |9 896874 |a Scarth, Greg |e writers | ||
| 700 | |9 896875 |a Barker, Chris |e writers | ||
| 942 | |2 ddc |c BK |n 0 | ||
| 952 | |0 0 |1 0 |2 ddc |4 0 |6 786_740000000000000_FEL_2020 |7 0 |8 A |9 601265 |a BIBINC |b BIBINC |d 2025-03-14 |e Instituto Arcos |i 5666147 |o 786.74 FEL 2020 |p 5666147 |r 2025-03-14 |t 1 |w 2025-03-14 |y BK |k IFP | ||